| 000 | 00634nam a2200157Ia 4500 | ||
|---|---|---|---|
| 008 | 170221s9999 xx 000 0 und d | ||
| 100 | _aS. Oudji | ||
| 245 | _aRadiofrequency Interconnection between Smart Grid and Smart Meters Using KNX-RF and 2.4 GHz Standard Protocols for Efficient Home Automation Applicati | ||
| 245 | _cS. Oudji, S. Courrèges, J.N. Paillard, P. Magneron, V. Meghdadi, C. Brauers, and R. Kays | ||
| 260 | _bJournal of Communications | ||
| 260 | _c2014 | ||
| 300 | _a34 : 13 | ||
| 650 | _xCommunication | ||
| 650 | _xMedia Arts | ||
| 856 | _uhttp://www.jocm.us/index.php?m=content&c=index&a=lists&catid=152 | ||
| 999 |
_c310893 _d310893 |
||